[Event "Druzynowe Mistrzostwa Polski Juniorow - II liga"]
[Site "Sypniewo k. Jastrowia"]
[Date "2023-06-14"]
[Round "1.47"]
[White "Moscicka, Alicja"]
[Black "Janikowska, Wiktoria"]
[Result "0-1"]
[WhiteTitle "II"]
[BlackTitle "I+"]
[WhiteElo "1181"]
[BlackElo "1636"]

1. e4 2. c5 3. Nf3 4. d6 5. c3 6. Nf6 7. h3 8. Nc6 9. Bd3 10. e5 11. Bc2 12. g6
13. O-O 14. Bg7 15. d4 16. cxd4 17. cxd4 18. exd4 19. Nxd4 20. O-O 21. Be3 22.
Re8 23. Nc3 24. Nb4 25. Ba4 26. Bd7 27. Bxd7 Qxd7 28. a3 Nc6 29. f3 d5 30. Nxc6
bxc6 31. Re1 Qb7 32. Qc2 Rab8 33. Rab1 Rbd8 34. exd5 Nxd5 35. Bd2 Qb6+ 36. Kh1
Ne3 37. Qc1 Nf5 38. Ne4 h6 39. b4 Kh7 40. Rd1 Rxe4 41. fxe4 Ng3+ 42. Kh2 Ne2 43.
Qc4 Be5+ 44. Kh1 Ng3+ 45. Kh2 Ne2+ 46. Kh1 Ng3+ 47. Kh2 Nxe4+ 48. Kh1 Nf2+ 0-1

[Event "Druzynowe Mistrzostwa Polski Juniorow - II liga"]
[Site "Sypniewo k. Jastrowia"]
[Date "2023-06-14"]
[Round "1.49"]
[White "Wolak, Maciej"]
[Black "Pulit, Kacper"]
[Result "1/2-1/2"]
[WhiteTitle "II"]
[BlackTitle "II"]
[WhiteElo "1317"]
[BlackElo "1332"]

1. e4 2. c5 3. Nf3 4. d6 5. d4 6. cxd4 7. Nxd4 8. Nf6 9. Nc3 10. a6 11. Be2 12.
e5 13. Nb3 14. Be6 15. Be3 16. Be7 17. O-O 18. Nbd7 19. f4 20. Rc8 21. f5 22.
Bc4 23. Kh1 24. O-O 25. g4 26. h6 27. Rg1 28. Nh7 29. Bxc4 30. Rxc4 31. Qe2 32.
Rc6 33. Nd5 34. Bg5 35. Rad1 36. Bxe3 37. Nxe3 38. Nb6 39. Na5 40. Rc7 41. Nac4
Nxc4 42. Nxc4 43. Qh4 44. Rxd6 45. Rfc8 46. Ne3 47. Ng5 48. Qg2 49. Nh3 50. Rf1
51. Nf4 52. Qd2 53. Kh7 54. c3 55. Rc6 56. Rxc6 57. Rxc6 58. Qf2 59. Qh3 60. Qg3
61. Rd6 62. Qxh3 63. Nxh3 64. Nd5 65. Ng5 66. Re1 1/2-1/2

[Event "Druzynowe Mistrzostwa Polski Juniorow - II liga"]
[Site "Sypniewo k. Jastrowia"]
[Date "2023-06-14"]
[Round "1.50"]
[White "Penar, Marcin"]
[Black "Khimichenko, Dmytro"]
[Result "0-1"]
[WhiteTitle "II"]
[BlackTitle "I"]
[WhiteElo "1280"]
[BlackElo "1457"]

1. d4 2. Nf6 3. c4 4. c6 5. Nc3 6. d5 7. cxd5 8. cxd5 9. Bf4 10. Nc6 11. e3 12.
a6 13. Bd3 14. g6 15. h3 16. Bf5 17. Bxf5 18. gxf5 19. Be5 20. e6 21. Nf3 Rg8
22. Bxf6 23. Qxf6 24. g3 25. Bd6 26. Qb3 Qe7 27. a3 28. Qc7 29. Rg1 30. Na5 31.
Qa2 32. Nc4 33. Rc1 34. Qa5 35. Nd2 36. b5 37. Nxc4 38. bxc4 39. Ke2 Rb8 40. f4
41. Rb3 42. Nb1 Ke7 43. Rc3 44. Qb5 45. Rc2 46. c3+ 47. Kf2 48. Rxb2 49. Rxb2
50. Qxb2+ 51. Qxb2 52. cxb2 53. Re1 54. Rb8 55. Re2 56. Rb3 57. Re1 58. Bxa3 59.
Nxa3 60. Rxa3 61. Rb1 62. Rb3 63. Ke2 64. a5 65. Kd2 66. a4 67. Kc2 68. Rxe3 69.
Rxb2 Rxg3 0-1

[Event "Druzynowe Mistrzostwa Polski Juniorow - II liga"]
[Site "Sypniewo k. Jastrowia"]
[Date "2023-06-14"]
[Round "1.51"]
[White "Pekala, Dawid"]
[Black "Plywacz, Mateusz"]
[Result "1-0"]
[WhiteTitle "I"]
[BlackTitle "II"]
[WhiteElo "1534"]
[BlackElo "1584"]

1. e4 2. e5 3. Nf3 4. Nc6 5. Bc4 6. Nf6 7. d3 8. d5 9. exd5 10. Nxd5 11. O-O 12.
Bc5 13. Re1 14. O-O 15. Nbd2 16. Nb6 17. Bb3 18. Bg4 19. h3 20. Bh5 21. Ne4 22.
Bd6 23. Ng3 24. Bg6 25. Bg5 26. Be7 27. Bxe7 28. Qxe7 29. Nxe5 30. Nxe5 31. d4
32. Nbd7 33. dxe5 34. Nxe5 35. Qd5 36. Rfe8 37. Qxb7 38. Qc5 39. Re2 40. Rab8
41. Qa6 42. Bh5 43. Nxh5 44. Nf3+ 45. gxf3 46. Qxh5 47. Rxe8+ 48. Rxe8 49. Qc6
50. Kf8 51. Rd1 52. Qxh3 53. Qc5+ 54. Kg8 55. Qd5 56. Rf8 57. Qxf7+ 58. Rxf7 59.
Rd8# 1-0

[Event "Druzynowe Mistrzostwa Polski Juniorow - II liga"]
[Site "Sypniewo k. Jastrowia"]
[Date "2023-06-14"]
[Round "1.52"]
[White "Schiller, Marcin"]
[Black "Wolak, Jan"]
[Result "1-0"]
[WhiteTitle "II+"]
[BlackTitle "II"]
[WhiteElo "1327"]
[BlackElo "1394"]

1. d4 2. d5 3. c4 4. c6 5. cxd5 6. cxd5 7. Nc3 8. Nc6 9. Nf3 10. e6 11. Bf4 12.
Bd6 13. Bg3 14. Nf6 15. e3 16. O-O 17. a3 18. a6 19. Bd3 20. b5 21. Qc2 22. b4
23. Nxd5 24. Bb7 25. Nxf6+ 26. gxf6 27. Bxh7+ 28. Kg7 29. Bd3 Rc8 30. Qe2 31.
bxa3 32. bxa3 33. Qa5+ 34. Nd2 35. Rfd8 36. O-O 37. Bxg3 38. fxg3 39. f5 40. g4
41. Qd5 42. gxf5 43. Nxd4 44. Qg4+ 45. Kf8 46. Be4 47. exf5 48. Bxd5 49. fxg4
50. Bxb7 51. Ne2+ 52. Kf2 53. Rc2 54. Ne4 55. Rd7 56. Bxa6 57. Nc3+ 58. Kg3 59.
Nxe4+ 60. Kxg4 61. Rd6 62. Bb7 63. Rg6+ 64. Kf4 65. Nc5 66. Bf3 67. Rc4+ 68. e4
69. Nd3+ 70. Ke3 71. Ne5 72. a4 73. Rd6 74. a5 75. Rc3+ 76. Kf4 77. Nd3+ 78. Ke3
79. Ne5+ 80. Kf2 81. Rd2+ 82. Kg3 83. Rd4 84. a6 85. Rxe4 86. a7 87. Rg4+ 88.
Kh3 1-0

[Event "Druzynowe Mistrzostwa Polski Juniorow - II liga"]
[Site "Sypniewo k. Jastrowia"]
[Date "2023-06-14"]
[Round "1.53"]
[White "Szopa, Emilia"]
[Black "Bartoszek, Julia"]
[Result "1-0"]
[WhiteTitle "I++"]
[BlackTitle "I"]
[WhiteElo "1697"]
[BlackElo "1373"]

1. e4 2. c5 3. Nf3 4. d6 5. d4 6. cxd4 7. Nxd4 8. Nf6 9. Nc3 10. a6 11. f4 12.
e5 13. Nb3 14. Be7 15. fxe5 16. dxe5 17. Qxd8+ 18. Bxd8 19. Be3 20. Be7 21. Nd5
22. Nxd5 23. exd5 24. b5 25. a4 26. bxa4 27. Rxa4 28. Bf5 29. Rc4 30. Nd7 31.
g4 32. Bg6 33. Bg2 34. Rd8 35. Na5 36. Rb8 37. O-O 38. Nf6 39. Nc6 40. Rc8 41.
g5 42. Nh5 43. Bh3 44. Rc7 45. Nxe5 46. Rxc4 47. Nxc4 48. Bxc2 49. d6 50. Bf8
51. d7+ 52. Ke7 53. Bc5+ 1-0

[Event "Druzynowe Mistrzostwa Polski Juniorow - II liga"]
[Site "Sypniewo k. Jastrowia"]
[Date "2023-06-14"]
[Round "1.54"]
[White "Kretowicz, Daria"]
[Black "Pajak, Patrycja"]
[Result "1/2-1/2"]
[WhiteTitle "I"]
[BlackTitle "I"]
[WhiteElo "1255"]
[BlackElo "1268"]

1. e4 2. c5 3. Nf3 4. g6 5. d4 6. cxd4 7. Nxd4 8. Nc6 9. c4 10. Nf6 11. Nc3 12.
d6 13. Be2 14. Nxd4 15. Qxd4 16. Bg7 17. Qd3 18. O-O 19. O-O 20. a5 21. Bg5 22.
Be6 23. Rac1 24. a4 25. Qe3 26. Qa5 27. Bh6 28. Qb4 29. Bxg7 30. Kxg7 31. Nd1
32. Rfc8 33. a3 34. Qc5 35. Qxc5 36. Rxc5 37. f3 38. Rac8 39. Ne3 40. b5 41. Rc3
42. bxc4 43. Rfc1 44. d5 45. exd5 46. Nxd5 47. Nxd5 48. Bxd5 49. Bd1 50. Rb8 51.
R3c2 52. Rcb5 53. Rb1 54. Be6 55. g4 56. Rb3 57. Ra1 58. R3b6 59. Rb1 60. h5 61.
h3 62. hxg4 63. hxg4 64. f5 65. Rc3 1/2-1/2

[Event "Druzynowe Mistrzostwa Polski Juniorow - II liga"]
[Site "Sypniewo k. Jastrowia"]
[Date "2023-06-14"]
[Round "1.55"]
[White "Guzik, Michal"]
[Black "Szymkiewicz, Witold"]
[Result "0-1"]
[WhiteTitle "I"]
[BlackTitle "I+"]
[WhiteElo "1444"]
[BlackElo "1820"]

1. e4 2. c6 3. c4 4. d5 5. cxd5 6. cxd5 7. exd5 8. Nf6 9. Nc3 10. g6 11. Bc4 12.
Bg7 13. Nf3 14. O-O 15. O-O 16. Nbd7 17. d6 18. exd6 19. d4 20. Nb6 21. Bb3 22.
d5 23. Bf4 24. a6 25. Ne5 26. Be6 27. Rc1 28. Rc8 29. Qf3 30. Qe7 31. Bg5 32.
Rfd8 33. Rfe1 34. h6 35. Bh4 36. g5 37. Bg3 38. Nc4 39. Nd3 40. Nd2 41. Qd1 42.
Nxb3 43. Qxb3 44. Ne4 45. Nxe4 46. dxe4 47. Rxe4 48. Bxb3 49. Rxe7 50. Rxc1+ 51.
Nxc1 52. Rxd4 53. h3 54. Rd1+ 55. Kh2 56. Bd5 57. Nb3 58. Kf8 59. Rc7 60. Bxb2
61. Nc5 62. Rc1 63. Bd6+ 64. Kg7 65. Rd7 66. Bc6 67. Rc7 68. Rxc5 0-1

[Event "Druzynowe Mistrzostwa Polski Juniorow - II liga"]
[Site "Sypniewo k. Jastrowia"]
[Date "2023-06-14"]
[Round "1.56"]
[White "Wieckowski, Michal"]
[Black "Mastej, Krzysztof"]
[Result "1-0"]
[WhiteTitle "I"]
[BlackTitle "II+"]
[WhiteElo "1612"]
[BlackElo "1502"]

1. g3 2. Nf6 3. Bg2 4. d5 5. Nf3 6. e6 7. O-O 8. Be7 9. d3 10. O-O 11. Nbd2 12.
b6 13. c4 14. Bb7 15. Qc2 16. Nbd7 17. Rb1 18. c5 19. h3 20. Rc8 21. b3 22. Qc7
23. Bb2 24. Rfd8 25. Rbd1 26. Ba8 27. Rfe1 28. d4 29. e4 30. e5 31. Bc1 32. Bc6
33. Nh4 34. g6 35. Nf1 36. Nh5 37. Nf3 38. Ng7 39. Qe2 40. Nf8 41. N1h2 42. Bd7
43. Rf1 44. Bf6 45. Rde1 46. Ne8 47. Ng5 48. Bg7 49. f4 50. f6 51. Ngf3 52. Bh6
53. Nh4 54. a6 55. Ng4 56. Bg7 57. Rf2 58. Ne6 59. Ref1 60. Nd6 61. f5 62. gxf5
63. exf5 64. Nf8 65. Bd5+ 66. Kh8 67. Nh6 68. Be8 69. Qg4 70. Nf7 71. Nxf7+ 72.
Bxf7 73. Be4 74. Qe7 75. Nf3 76. Qe8 77. Qh4 78. Rd6 79. g4 80. Rc7 81. Rg2 82.
b5 83. Kh2 84. bxc4 85. bxc4 86. Nd7 87. Rfg1 88. Nf8 89. g5 90. fxg5 91. Bxg5
92. h5 93. f6 1-0

[Event "Druzynowe Mistrzostwa Polski Juniorow - II liga"]
[Site "Sypniewo k. Jastrowia"]
[Date "2023-06-14"]
[Round "1.57"]
[White "Oberc, Szymon"]
[Black "Krogulski, Maksymilian"]
[Result "1/2-1/2"]
[WhiteTitle "II+"]
[BlackTitle "I"]
[WhiteElo "1427"]
[BlackElo "1467"]

1. e4 2. c5 3. Nf3 4. e6 5. d4 6. cxd4 7. Nxd4 8. Nc6 9. Nc3 10. Qc7 11. Be2 12.
a6 13. a3 14. Nf6 15. O-O 16. Be7 17. Be3 18. O-O 19. f4 20. d6 21. Qd2 22. b5
23. Nxc6 24. Qxc6 25. Bf3 26. Bb7 27. e5 28. Nd5 29. exd6 30. Qxd6 31. Nxd5 32.
Bxd5 33. Bxd5 34. Qxd5 35. Qxd5 36. exd5 37. Rad1 38. Rfd8 39. Rd2 40. Bf6 41.
c3 42. Re8 43. Kf2 44. h6 45. Rxd5 46. Red8 47. Rfd1 48. Rxd5 49. Rxd5 50. Rd8
51. Rxd8+ 52. Bxd8 53. Kf3 54. f5 55. Ke2 56. Kf7 57. Kd3 58. Ke6 59. Kd4 60.
Bb6+ 61. Kd3 62. Bc7 63. c4 64. g6 65. g3 66. Kd6 67. Bd4 68. Ke6 69. Bg7 70.
h5 71. Bd4 72. Bd8 73. h4 74. Ba5 1/2-1/2

[Event "Druzynowe Mistrzostwa Polski Juniorow - II liga"]
[Site "Sypniewo k. Jastrowia"]
[Date "2023-06-14"]
[Round "1.58"]
[White "Klask, Franciszek"]
[Black "Panasiuk, Stanislaw"]
[Result "1-0"]
[WhiteTitle "II"]
[BlackTitle "II"]
[WhiteElo "1302"]
[BlackElo "1200"]

1. d4 2. c5 3. c3 4. cxd4 5. cxd4 6. d5 7. Bf4 8. Nc6 9. e3 10. Nf6 11. Nc3 12.
g6 13. Be2 14. Bg7 15. h3 16. O-O 17. Nf3 18. Bf5 19. O-O 20. Re8 21. Rc1 22.
Ne4 23. Bb5 24. Qb6 25. a4 26. a6 27. Nxd5 28. Qd8 29. Bxc6 30. bxc6 31. Nc7 32.
e5 33. Nxe8 34. exf4 35. Nxg7 36. Kxg7 37. exf4 38. Qb6 39. Re1 40. Qxb2 41. Rc2
42. Qb4 43. Rxc6 44. Qb2 45. Re2 46. Qb4 47. Qa1 48. Rb8 49. Rc1 50. Qa5 51. g4
52. Be6 53. d5+ 54. Nf6 55. dxe6 56. fxe6 57. Rxe6 58. Rf8 59. Rcc6 60. Qd8 61.
g5 1-0

[Event "Druzynowe Mistrzostwa Polski Juniorow - II liga"]
[Site "Sypniewo k. Jastrowia"]
[Date "2023-06-14"]
[Round "1.59"]
[White "Niedorys, Karolina"]
[Black "Czarkowska, Dalia"]
[Result "1/2-1/2"]
[WhiteTitle "I+"]
[BlackTitle "I"]
[WhiteElo "1519"]
[BlackElo "1253"]

1. e4 2. c6 3. d4 4. d5 5. exd5 6. cxd5 7. c4 8. Nf6 9. Nc3 10. Nc6 11. Nf3 12.
Bg4 13. cxd5 14. Nxd5 15. Bc4 16. Nb6 17. Bxf7+ 18. Kxf7 19. Ng5+ 20. Ke8 21.
Qxg4 22. Qxd4 23. Qxd4 24. Nxd4 25. O-O 26. h6 27. Nf3 28. Nxf3+ 29. gxf3 30.
g5 31. Be3 32. Nc4 33. b3 34. Nxe3 35. fxe3 36. Bg7 37. Rac1 38. Kf7 39. Ne4 40.
Rac8 41. Kg2 42. b6 43. Ng3 44. Kg6 45. Ne2 46. Bb2 47. Rcd1 48. Rc2 49. Rf2 50.
Rhc8 51. Rd7 52. R8c7 53. Rxc7 54. Rxc7 55. e4 56. Be5 57. f4 58. Bxf4 59. Nxf4+
60. gxf4 61. Rxf4 1/2-1/2

[Event "Druzynowe Mistrzostwa Polski Juniorow - II liga"]
[Site "Sypniewo k. Jastrowia"]
[Date "2023-06-14"]
[Round "1.61"]
[White "Bajer, Tomasz"]
[Black "Jagodzinski, Jaromir"]
[Result "0-1"]
[WhiteTitle "I"]
[BlackTitle "II+"]
[WhiteElo "1485"]
[BlackElo "1477"]

1. Nf3 2. c5 3. g3 4. Nc6 5. Bg2 6. Nf6 7. c4 8. d5 9. O-O 10. e5 11. d3 12. Be7
13. Nbd2 14. O-O 15. cxd5 16. Nxd5 17. Nc4 18. f6 19. a4 20. Be6 21. Bd2 22. Qd7
23. Rc1 24. Rac8 25. Re1 26. Rfd8 27. Qb3 28. Nd4 29. Nxd4 30. exd4 31. h4 32.
Re8 33. e4 34. dxe3 35. fxe3 36. Rcd8 37. Ba5 38. b6 39. Bc3 40. Bd6 41. Kh2 42.
Qc7 43. Nxd6 44. Qxd6 45. Qd1 46. Bc8 47. Qb3 48. Be6 49. Qd1 50. Nxc3 51. Rxc3
52. Kh8 53. d4 54. cxd4 55. Rc6 56. Qb4 57. exd4 58. Bd7 59. Rxe8+ 60. Bxe8 61.
Re6 62. Bxa4 63. Qh5 64. Qxd4 65. Be4 66. Qf2+ 67. Kh3 68. Qf1+ 69. Bg2 70. Qb5
71. Qg4 72. Qd7 73. Be4 74. Qxe6 75. Bf5 76. Qxf5 77. Qxf5 78. Bd7 0-1

[Event "Druzynowe Mistrzostwa Polski Juniorow - II liga"]
[Site "Sypniewo k. Jastrowia"]
[Date "2023-06-14"]
[Round "1.62"]
[White "Baranowski, Jan"]
[Black "Spytek, Hubert"]
[Result "1-0"]
[WhiteTitle "II"]
[BlackTitle "II+"]
[WhiteElo "1294"]
[BlackElo "1440"]

1. e4 2. d5 3. exd5 4. Qxd5 5. Nc3 6. Qd6 7. Nf3 8. Nf6 9. h3 10. a6 11. Bc4 12.
e6 13. O-O 14. Be7 15. Re1 16. O-O 17. d3 18. c5 19. a4 20. Nc6 21. Bg5 22. Rd8
23. a5 24. Qc7 25. Ne4 26. Nxe4 27. Bxe7 28. Qxe7 29. Rxe4 30. Qf6 31. c3 32.
Bd7 33. Qe2 34. Na7 35. Ne5 36. Bc6 37. Nxc6 38. Nxc6 39. Qh5 40. Qf5 41. Qxf5
42. exf5 43. Rf4 44. Ne7 45. Re1 46. Kf8 47. Rf3 48. Rac8 49. Re5 50. f6 51. Re2
52. Nc6 53. Be6 54. Rc7 55. Bxf5 56. h6 57. Rfe3 58. Kf7 59. Be6+ 60. Kf8 61.
Bf5 62. Kf7 63. h4 64. g6 65. Be6+ 66. Kg7 67. h5 68. g5 69. Bf5 70. Kf7 71. Bg6+
72. Kg7 73. g3 74. Rdd7 75. Be8 76. Rd6 77. Bxc6 78. Rdxc6 79. Re7+ 80. Kf8 81.
Re8+ 82. Kg7 83. R2e7+ 84. Rxe7 85. Rxe7+ 86. Kf8 87. Rxb7 88. Rd6 89. Ra7 90.
Rxd3 91. Rxa6 92. Ke7 93. Ra7+ 94. Ke6 95. a6 96. Kd6 97. Rh7 98. Kd5 99. Rd7+
1-0

[Event "Druzynowe Mistrzostwa Polski Juniorow - II liga"]
[Site "Sypniewo k. Jastrowia"]
[Date "2023-06-14"]
[Round "1.63"]
[White "Nowakowski, Maksymilian"]
[Black "Ejsymont, Eryk"]
[Result "1-0"]
[WhiteTitle "I"]
[BlackTitle "II+"]
[WhiteElo "1646"]
[BlackElo "1385"]

1. f4 2. d5 3. Nf3 4. c5 5. e3 6. Nf6 7. b3 8. Nc6 9. Bb5 10. a6 11. Bxc6+ 12.
bxc6 13. Ne5 14. Qd6 15. O-O 16. h5 17. Ba3 18. Bg4 19. Qe1 20. g6 21. Nd3 22.
Bg7 23. Bxc5 24. Qc7 25. Bd4 26. Bf5 27. Qe2 28. Bg4 29. Qe1 30. Bf5 31. Be5 32.
Qb6 33. Nc3 34. O-O 35. Rc1 36. Nd7 37. Bxg7 38. Kxg7 39. Nb2 40. Nc5 41. Nba4
42. Nxa4 43. Nxa4 44. Qa7 45. d4 46. Rh8 47. Qa5 48. Rab8 49. Nc5 50. Qb6 51.
Qxa6 52. Qxa6 53. Nxa6 54. Ra8 55. Nb4 56. Bd7 57. a4 58. Rhc8 59. Nd3 60. Rc7
61. c4 62. dxc4 63. Rxc4 64. Be6 65. Rc3 66. Rb7 67. Nc5 68. Rb4 69. Nxe6+ 70.
fxe6 71. Rd1 72. Kf6 73. Kf2 74. Ra6 75. h4 76. Rab6 77. Rdd3 78. Ra6 79. e4 80.
Rab6 81. Ke3 82. Ra6 83. Kd2 84. Rab6 85. Kc2 86. Kf7 87. Rc5 88. Kf6 89. Kb2
90. Rxa4 91. Rxc6 92. Rxc6 93. bxa4 94. Rb6+ 95. Ka3 96. Rc6 97. a5 98. Rc2 99.
a6 100. Rc6 101. Kb2 102. Rxa6 103. Rb3 104. Ra4 105. Rd3 106. Ra6 107. g3 108.
Ra4 109. Kc3 110. Ra7 111. Kd2 112. Ra2+ 113. Ke3 114. Ra5 115. d5 116. exd5 117.
Rxd5 118. Ra3+ 119. Rd3 120. Ra1 121. Rb3 122. Re1+ 123. Kf3 124. Ra1 125. Rb5
126. Ra3+ 127. Kg2 128. Ra2+ 129. Kh3 130. Ra3 131. f5 132. Ra6 133. fxg6 134.
Kxg6 135. Rg5+ Kh6 136. Kg2 137. Ra3 138. Re5 139. Ra7 140. Kf3 141. Kg6 142.
Rg5+ 143. Kh6 144. Kf4 145. Ra6 146. Kf5 147. Rf6+ 148. Ke5 149. Ra6 150. Rg8
151. Rf6 152. Re8 153. Rf3 154. Rxe7 155. Rxg3 156. Rf7 Rg2 157. Kf6 158. Rg4
159. e5 160. Rxh4 161. e6 162. Re4 163. e7 164. h4 165. Kf5 166. Re1 167. Rf6+
168. Kg7 169. Re6 170. Rf1+ 171. Kg4 172. Rg1+ 173. Kh5 174. h3 175. e8=Q 176.
h2 177. Qd7+ 178. Kh8 179. Re8+ 180. Rg8 181. Qd4+ 182. Kh7 183. Re7+ 184. Rg7
185. Qxg7# 1-0

[Event "Druzynowe Mistrzostwa Polski Juniorow - II liga"]
[Site "Sypniewo k. Jastrowia"]
[Date "2023-06-14"]
[Round "1.65"]
[White "Gornisiewicz, Natalia"]
[Black "Nurkiewicz, Anna"]
[Result "0-1"]
[WhiteTitle "I++"]
[BlackTitle "I+"]
[WhiteElo "1533"]
[BlackElo "1247"]

1. d4 2. Nf6 3. c4 4. e6 5. Nf3 6. d5 7. g3 8. b6 9. Bg2 10. Bb7 11. b3 12. Bd6
13. O-O 14. O-O 15. Bb2 16. Qe7 17. Nbd2 18. Nbd7 19. Qc2 20. c5 21. e3 22. Rac8
23. Rac1 24. h6 25. Rfe1 26. cxd4 27. exd4 28. Rfd8 29. Qd1 30. Nb8 31. Nf1 32.
dxc4 33. bxc4 34. Ba3 35. Qb3 36. Bxb2 37. Qxb2 38. Na6 39. d5 40. Nc5 41. Qb1
42. Qf8 43. dxe6 44. Nxe6 45. Ne3 46. Be4 47. Qb2 48. Nc5 49. Ne5 50. Bxg2 51.
Nxg2 52. Nfe4 53. Rcd1 54. f6 55. Ng6 56. Qf7 57. N2f4 58. Kh7 59. Qc2 60. f5
61. f3 62. Ng5 63. Re7 Rxd1+ 64. Qxd1 65. Qxc4 66. Nh5 67. Nce6 68. Qa1 69. Kxg6
70. Nf4+ 71. Nxf4 72. Rxg7+ 73. Kh5 74. g4+ 75. fxg4 76. fxg4+ 77. Kxg4 78. Qd1+
79. Ne2+ 80. Kf2 81. Rf8+ 82. Ke1 83. Qc3+ 84. Kxe2 85. Qf3+ 0-1

[Event "Druzynowe Mistrzostwa Polski Juniorow - II liga"]
[Site "Sypniewo k. Jastrowia"]
[Date "2023-06-14"]
[Round "1.66"]
[White "Ejsymont, Blanka"]
[Black "Owczarek, Hanna"]
[Result "1-0"]
[WhiteTitle "I++"]
[BlackTitle "I"]
[WhiteElo "1444"]
[BlackElo "1326"]

1. d4 2. d5 3. c4 4. e6 5. Nc3 6. Nf6 7. Bg5 8. Be7 9. cxd5 10. exd5 11. e3 12.
c6 13. Bd3 14. Nbd7 15. Nge2 16. O-O 17. O-O 18. Re8 19. f3 20. Nf8 21. Qc2 22.
g6 23. Rad1 24. Ne6 25. Bh4 26. Ng7 27. e4 dxe4 28. fxe4 29. Ng4 30. Bxe7 31.
Qxe7 32. Rf3 33. Qc7 34. h3 35. Qh2+ 36. Kf1 37. Qh1+ 38. Ng1 39. Nh5 40. Rb1
41. Nh2+ 42. Kf2 43. Bxh3 44. Rxh3 45. Ng4+ 46. Kf3 47. Nh2+ 48. Ke3 49. Ng4+
50. Kf3 51. Nh2+ 52. Kf2 53. Ng4+ 54. Kf1 55. Nh2+ 56. Rxh2 57. Qxh2 58. Nf3 59.
Qf4 60. Ne2 61. Ng3+ 62. Kf2 63. Nxe4+ 64. Bxe4 65. Qxe4 66. Qxe4 67. Rxe4 68.
Ne5 69. f6 70. Kf3 71. Rh4 72. g3 73. Rh2 74. Ng4 75. Rxe2 76. Kxe2 77. Kf7 78.
Rf1 79. Re8+ 80. Kd3 81. Re6 82. Ne3 83. Rd6 84. Nc4 85. Rd8 86. Ne3 87. Kg7 88.
b4 89. a6 90. g4 91. Rd7 92. Nc4 93. Re7 94. Nd6 95. h6 96. Ne4 97. Re6 98. Rf2
99. Kf7 100. g5 101. f5 102. Nc5 103. hxg5 104. Nxe6 105. Kxe6 106. Re2+ 107.
Kf7 108. Kc4 109. f4 110. d5 111. cxd5+ 112. Kxd5 113. g4 114. Ke5 115. g5 116.
Kf5 117. g3 118. Rg2 119. Ke7 120. Kxg5 121. Kd6 122. Kxf4 123. Kc6 124. Rxg3
125. Kb5 126. a3 127. Ka4 128. Ke5 129. b6 130. Rg6 131. Kb5 132. Kd4 133. a5
134. bxa5 135. bxa5 136. Kc3 137. Ka4 138. Kb2 139. Kb5 140. Kc3 141. a4 142.
Rg5+ 143. Ka6 144. Kb4 145. Kb6 146. Rg6+ 147. Kc7 148. Kxa4 149. Kd7 150. Kb5
151. Ke7 152. a4 153. Kd7 154. a5 155. Kc7 156. Rg7+ 157. Kd6 158. a6 159. Ke6
160. a7 161. Kf6 162. Rg8 163. Ke5 164. a8=Q 165. Kd4 166. Qd8+ 167. Kc3 168.
Rg3+ 169. Kc2 170. Qd3+ 171. Kb2 172. Rg2+ 173. Ka1 174. Qd1# 1-0

[Event "Druzynowe Mistrzostwa Polski Juniorow - II liga"]
[Site "Sypniewo k. Jastrowia"]
[Date "2023-06-14"]
[Round "1.67"]
[White "Kordowski, Karol"]
[Black "Krasniewski, Szymon"]
[Result "0-1"]
[WhiteTitle "II"]
[BlackTitle "I"]
[WhiteElo "1351"]
[BlackElo "1856"]

1. e4 2. g6 3. d4 4. Bg7 5. Nf3 6. d6 7. Bf4 8. a6 9. Bc4 10. b5 11. Bb3 12. Bb7
13. Qd3 14. c5 15. dxc5 16. Bxb2 17. Be5 18. Bxe5 19. Nxe5 20. Qa5+ 21. Nd2 22.
dxe5 23. O-O-O 24. Nf6 25. g4 26. O-O 27. h4 28. Nbd7 29. Qe3 30. Qa3+ 31. Kb1
32. Qxc5 33. Qh3 34. Nb6 35. h5 36. g5 37. h6 38. Na4 39. Qg2 40. Nc3+ 41. Ka1
42. Nxd1 43. Rxd1 44. Rad8 45. f3 46. a5 47. Rh1 48. Qc3+ 49. Kb1 50. Rxd2 51.
Qg1 52. a4 53. Rh5 54. axb3 55. Rxg5+ 56. Kh8 0-1

[Event "Druzynowe Mistrzostwa Polski Juniorow - II liga"]
[Site "Sypniewo k. Jastrowia"]
[Date "2023-06-14"]
[Round "1.68"]
[White "Krasniewski, Maciej"]
[Black "Bizon, Bartosz"]
[Result "1-0"]
[WhiteTitle "I"]
[BlackTitle "III"]
[WhiteElo "1696"]
[BlackElo "1082"]

1. d4 2. d5 3. c4 4. e6 5. Nc3 6. Nf6 7. Nf3 8. Be7 9. e3 10. O-O 11. Qc2 12. Nbd7
13. b3 14. a6 15. Bb2 16. c5 17. cxd5 18. Nxd5 19. Nxd5 20. exd5 21. Bd3 22. h6
23. O-O 24. Bf6 25. Ne5 26. Qc7 27. Nxd7 28. Bxd7 29. Ba3 30. b6 31. Rac1 32.
Rfc8 33. dxc5 34. b5 35. Bb2 36. Bxb2 37. Qxb2 38. Qa7 39. Qd4 40. Be6 41. b4
42. Qd7 43. Ra1 44. Rab8 45. a4 46. Qc6 47. axb5 48. axb5 49. Ra5 50. Rd8 51.
Rfa1 52. Qd7 53. Ra6 54. Rdc8 55. R1a5 56. Qe8 57. h3 58. g5 59. Qf6 60. Qf8 61.
Rxb5 62. Rxb5 63. Bxb5 64. Rb8 65. Ra5 66. Qg7 67. Qxg7+ 68. Kxg7 69. Kf1 70.
Kf8 71. Ke1 72. Ke7 73. Kd2 74. Kd8 75. Kc3 76. Rc8 77. Bd3 78. Kc7 79. Kd4 80.
Re8 81. b5 82. Kb7 83. c6+ 84. Kb8 85. b6 86. Rc8 87. Kc5 1-0

[Event "Druzynowe Mistrzostwa Polski Juniorow - II liga"]
[Site "Sypniewo k. Jastrowia"]
[Date "2023-06-14"]
[Round "1.69"]
[White "Kordowski, Lukasz"]
[Black "Rzap, Filip"]
[Result "1/2-1/2"]
[WhiteTitle "II"]
[BlackTitle "II+"]
[WhiteElo "1184"]
[BlackElo "1511"]

1. b3 2. e5 3. Bb2 4. Nc6 5. c4 6. Nf6 7. e3 8. Be7 9. d3 10. O-O 11. Nf3 12. Re8
13. a3 14. Bf8 15. Be2 16. a5 17. O-O 18. d5 19. cxd5 20. Nxd5 21. Qc2 22. f5
23. d4 24. e4 25. Ne5 26. Nxe5 27. dxe5 28. c6 29. Nc3 30. Nxc3 31. Qxc3 32. Be6
33. Bc4 34. Qe7 35. f3 36. exf3 37. Rxf3 38. g6 39. Bxe6+ 40. Qxe6 41. e4 42.
Bg7 43. exf5 44. gxf5 45. Re1 46. Rad8 47. Qc2 48. Rf8 49. Rd3 50. Rfe8 51. Rxd8
52. Rxd8 53. Qc4 54. Qxc4 55. bxc4 56. Re8 57. Kf2 58. Kf7 59. Kf3 60. Ke6 61.
Rd1 62. Bf8 63. Bc1 64. Bc5 65. a4 66. Rg8 67. Bf4 68. Bb4 69. h3 h5 70. Be3 71.
Kxe5 72. c5 73. Ke6 74. Rd6+ 75. Ke7 76. Rh6 77. Rg7 78. Bd4 79. Rf7 80. Bf2 81.
Kd7 82. Rd6+ 83. Ke7 84. Bh4+ 85. Kf8 86. Bf6 87. Kg8 88. Bd4 89. Kh7 90. Rd8
91. Kg6 92. Rg8+ 93. Kh7 94. Rh8+ 95. Kg6 96. Rg8+ 97. Kh6 98. Be3+ 99. Kh7 100.
Rg5 101. Kh6 102. Rxf5+ 103. Kg6 104. Rxf7 105. Kxf7 106. Ke4 107. Ke6 108. Bd4
109. Bd2 110. g4 111. hxg4 112. hxg4 113. Bg5 114. Bc3 115. Be7 116. Bxa5 117.
Bxc5 118. Bc3 1/2-1/2